Advanced topics in biotechnology and plant biology (Record no. 21466)

MARC details
000 -LEADER
fixed length control field 00483nam a22001697a 4500
003 - CONTROL NUMBER IDENTIFIER
control field OSt
005 - DATE AND TIME OF LATEST TRANSACTION
control field 20211206111922.0
008 - FIXED-LENGTH DATA ELEMENTS--GENERAL INFORMATION
fixed length control field 211206b |||||||| |||| 00| 0 eng d
020 ## - INTERNATIONAL STANDARD BOOK NUMBER
International Standard Book Number 978-81-261-6541-4
040 ## - CATALOGING SOURCE
Transcribing agency Hawassa University
050 ## - LIBRARY OF CONGRESS CALL NUMBER
Classification number 581.35/CHA
Item number 3
082 ## - DEWEY DECIMAL CLASSIFICATION NUMBER
Edition number 1
Classification number 581.35/CHA
Item number 3
100 ## - MAIN ENTRY--PERSONAL NAME
Personal name Chandrababu
9 (RLIN) 21781
245 ## - TITLE STATEMENT
Title Advanced topics in biotechnology and plant biology
260 ## - PUBLICATION, DISTRIBUTION, ETC.
Place of publication, distribution, etc. New Delhi
Name of publisher, distributor, etc. Anmol Publications Pvt. Ltd.
Date of publication, distribution, etc. 2016
942 ## - ADDED ENTRY ELEMENTS (KOHA)
Source of classification or shelving scheme Dewey Decimal Classification
Koha item type Books like text book referance book
Suppress in OPAC No
Holdings
Withdrawn status Lost status Source of classification or shelving scheme Damaged status Not for loan Home library Current library Date acquired Total Checkouts Full call number Barcode Date last seen Copy number Price effective from Koha item type
    Dewey Decimal Classification     College of Agriculture Library College of Agriculture Library 12/06/2021   581.35/CHA ALIB0013413 12/06/2021 1 12/06/2021 Books like text book referance book
    Dewey Decimal Classification     College of Agriculture Library College of Agriculture Library 12/06/2021   581.35/CHA ALIB0013414 12/06/2021 2 12/06/2021 Books like text book referance book
    Dewey Decimal Classification     College of Agriculture Library College of Agriculture Library 12/06/2021   581.35/CHA ALIB0013415 12/06/2021 3 12/06/2021 Books like text book referance book